[Event "American Continental 18th"]
[Site "Medellin"]
[Date "2024.05.29"]
[Round "8"]
[White "Londono Villa, Maximiliano"]
[Black "Santamaria Arcila, Nicolas"]
[Result "0-1"]
[WhiteElo "1604"]
[BlackElo "1486"]
[PlyCount "58"]
[EventDate "2024.05.24"]
[EventType "swiss"]
[EventRounds "11"]
[EventCountry "COL"]
[SourceTitle "CB23_2024"]
[SourceDate "2024.06.05"]
[SourceVersion "1"]
[SourceVersionDate "2024.06.05"]
[SourceQuality "1"]

1. e4 c5 2. Nc3 Nc6 3. Bc4 e6 4. f4 a6 5. Be2 d5 6. exd5 exd5 7. d3 Nf6 8. Bf3 Be7 9. Nge2 0-0 10. 0-0 d4 11. Ne4 Nd5 12. N2g3 f5 13. Nf2 Ne3 14. Bxe3 dxe3 15. Nh3 Nd4 16. Re1 Nxf3+ 17. Qxf3 Qb6 18. Qxe3 Bf6 19. Kh1 Bd4 20. Qf3 Qxb2 21. Qd5+ Kh8 22. Ng5 h6 23. Qd6 Bd7 24. Qxd7 hxg5 25. fxg5 Qxc2 26. g6 Bxa1 27. Rxa1 Qb2 28. Rf1 Rad8 29. Qe7 Qf6 0-1

[Event "American Continental Blitz 18th"]
[Site "Medellin"]
[Date "2024.05.29"]
[Round "5"]
[White "Londono Villa, Maximiliano"]
[Black "Serrato Diaz, Rafael Antonio"]
[Result "0-1"]
[WhiteElo "1604"]
[BlackElo "1778"]
[PlyCount "89"]
[EventDate "2024.05.29"]
[EventType "swiss (blitz)"]
[EventRounds "9"]
[EventCountry "COL"]
[SourceTitle "CB23_2024"]
[SourceDate "2024.06.05"]
[SourceVersion "1"]
[SourceVersionDate "2024.06.05"]
[SourceQuality "1"]

1. e4 e5 2. Nf3 Nc6 3. d4 exd4 4. Bc4 Nf6 5. 0-0 d6 6. Nxd4 Nxd4 7. Qxd4 Be7 8. Nc3 0-0 9. f4 Bd7 10. Kh1 Bc6 11. e5 dxe5 12. Qxd8 Raxd8 13. fxe5 Ng4 14. Bf4 Nh6 15. Bxh6 gxh6 16. Rf4 Rd2 17. Rg4+ Kh8 18. Bd3 Rg8 19. Rxg8+ Kxg8 20. Rf1 Rxg2 21. Rg1 Rxg1+ 22. Kxg1 Kg7 23. Kf2 f6 24. e6 a6 25. b4 Be8 26. a3 Bd6 27. Ne4 Bxh2 28. Nc5 Bc6 29. Nd7 Bd6 30. c4 Be7 31. c5 f5 32. Kg3 Kg6 33. Kf4 Be4 34. Bxe4 fxe4 35. Kxe4 Kg5 36. Kf3 h5 37. Kg3 h4+ 38. Kh3 h5 39. a4 Kf5 40. Nb8 Kxe6 41. c6 bxc6 42. Nxc6 Bd6 43. Nd4+ Kd5 44. Nf5 Kc4 45. Nxh4 0-1

[Event "American Continental 18th"]
[Site "Medellin"]
[Date "2024.05.27"]
[Round "6"]
[White "Kaciusis, Daniel"]
[Black "Londono Villa, Maximiliano"]
[Result "1/2-1/2"]
[WhiteElo "1727"]
[BlackElo "1604"]
[PlyCount "55"]
[EventDate "2024.05.24"]
[EventType "swiss"]
[EventRounds "11"]
[EventCountry "COL"]
[SourceTitle "CB23_2024"]
[SourceDate "2024.06.05"]
[SourceVersion "1"]
[SourceVersionDate "2024.06.05"]
[SourceQuality "1"]

1. e4 e5 2. Nf3 Nc6 3. Bc4 Bc5 4. c3 Nf6 5. d3 d6 6. Bg5 h6 7. Be3 Bb6 8. h3 0-0 9. 0-0 d5 10. exd5 Nxd5 11. Bxb6 axb6 12. Re1 Re8 13. Bb3 Nf4 14. Bc2 Qf6 15. Kh2 Qg6 16. Rg1 Qh5 17. Ne1 Qh4 18. Qf3 Be6 19. a3 Bd5 20. Qg3 Qxg3+ 21. fxg3 Ng6 22. Nd2 Rad8 23. Nef3 Be6 24. Rge1 Re7 25. Re3 Rde8 26. g4 f5 27. gxf5 Bxf5 28. g3 1/2-1/2

[Event "American Continental 18th"]
[Site "Medellin"]
[Date "2024.05.25"]
[Round "2"]
[White "Chaucanes, Lina Marcela"]
[Black "Londono Villa, Maximiliano"]
[Result "1-0"]
[WhiteElo "2026"]
[BlackElo "1604"]
[PlyCount "49"]
[EventDate "2024.05.24"]
[EventType "swiss"]
[EventRounds "11"]
[EventCountry "COL"]
[SourceTitle "CB23_2024"]
[SourceDate "2024.06.05"]
[SourceVersion "1"]
[SourceVersionDate "2024.06.05"]
[SourceQuality "1"]

1. e4 e5 2. Nf3 Nc6 3. Bb5 Nge7 4. 0-0 g6 5. c3 Bg7 6. d4 a6 7. Bc4 b5 8. Bb3 0-0 9. a4 Na7 10. Nxe5 Bb7 11. Qe2 d5 12. Ng4 dxe4 13. Nh6+ Bxh6 14. Bxh6 Re8 15. Nd2 Nf5 16. Bf4 Rc8 17. axb5 Nxb5 18. Nc4 c5 19. dxc5 Rxc5 20. Rfd1 Qe7 21. Ne3 Bc8 22. Nd5 Qe6 23. Nc7 Qxb3 24. Nxe8 Qe6 25. Rd8 1-0